00000000nam 2200000zi 4500
0019.942776
003CaOODSP
00520250110150328
006m     o  d f      
007cr |n|||||||||
008240415e197311##qucb    o    f|0| 0 fre d
040 |aCaOODSP|bfre|erda|cCaOODSP
043 |an-cn-qu
0861 |aCW66-1540/1973F-PDF
1001 |aLehoux, Denis, |eauteur.
24510|aÉtude des impacts du projet de développement de la Baie James sur la sauvagine et son habitat / |cpar Denis Lehoux et Jacques Rosa.
264 1|a[Sainte-Foy, Québec] : |bService canadien de la faune, Ministère de l'Environnement, |cnovembre 1973.
300 |a1 ressource en ligne (35 pages) : |bcartes
336 |atexte|btxt|2rdacontent/fre
337 |ainformatique|bc|2rdamedia/fre
338 |aressource en ligne|bcr|2rdacarrier/fre
500 |aÉdition numérisée de l’imprimé [par Environnement et changement climatique Canada].
650 6|aCentrales hydroélectriques|xAspect de l'environnement|zJames, Région de la baie.
650 6|aGibier d'eau|xHabitat|zJames, Région de la baie.
650 0|aHydroelectric power plants|xEnvironmental aspects|zJames Bay Region.
650 0|aWaterfowl|xHabitat|zJames Bay Region.
7102 |aService canadien de la faune, |eorganisme de publication.
85640|qPDF|s1.51 Mo|uhttps://publications.gc.ca/collections/collection_2025/eccc/cw66/CW66-1540-1973-fra.pdf